| 000 | 00524nam a22001817a 4500 | ||
|---|---|---|---|
| 005 | 20241118193235.0 | ||
| 008 | 241118b |||||||| |||| 00| 0 eng d | ||
| 020 | _a9780547213095 | ||
| 050 |
_aQA303 _b.L7 |
||
| 100 | _aLarson, Ron | ||
| 245 |
_aCalculus/ _bstudent solutions manual, volume 1 _cRon Larson & Bruce Edwards |
||
| 250 | _a9th Ed. | ||
| 260 |
_aAustralia _bBrooks/Cole Cengage Learning _c2010 |
||
| 300 |
_a639p. _bill. _c27.5cm |
||
| 650 | _2Calculus | ||
| 700 | _aEdwards, Bruce | ||
| 942 |
_2lcc _cBK _e9th Ed. _n0 |
||
| 999 |
_c1327 _d1327 |
||